đŸŽ¶ Paroles "La quĂȘte" Jacques Brel - Statistiques

Statistiques générales
  • Ce quiz a Ă©tĂ© pris 246 fois
  • Le rĂ©sultat moyen est 90 sur 126
Statistiques - réponses
Mots % Correct
Ă 
99%
l'
97%
qu'
96%
d'
93%
D'
93%
et
93%
Et
93%
m'
91%
quĂȘte
91%
s'
91%
ma
90%
de
89%
un
88%
la
86%
le
86%
des
85%
est
84%
Pour
83%
en
82%
étoile
81%
Je
81%
je
81%
ce
80%
Se
78%
une
78%
mon
76%
Telle
76%
ne
74%
Peu
74%
les
73%
Mais
73%
rĂȘve
73%
atteindre
72%
inaccessible
72%
si
72%
importe
71%
impossible
71%
oĂč
71%
Ou
71%
RĂȘver
71%
Aimer
70%
Aimer,
70%
amour
69%
sans
68%
Sans
68%
mal
67%
sais
67%
temps
67%
tout
67%
jusqu'
66%
mĂȘme
66%
mes
66%
Suivre
66%
bien
65%
écarteler
65%
encore,
65%
trop,
65%
ni
64%
toujours
64%
Brûle
63%
brûlé
63%
coeur
62%
désespérance
61%
puis
61%
serai
59%
déchirure
58%
chagrin
57%
départs
57%
héros
56%
mot
55%
or
55%
armure
54%
part
54%
ayant
53%
Brûler
53%
fiĂšvre
53%
malheureux
53%
personne
53%
Partir
52%
bleu
51%
chances
51%
importent
51%
lutter
51%
Parce
51%
repos
51%
force
48%
questions
48%
Tenter,
47%
tranquille
47%
serait
46%
possible
45%
éclabousseraient
42%
villes
42%
damner
41%
Porter
39%
Aucun quiz correspondant
Distribution des résultats
% des personnes avec chaque résultat
Percentile par nombre de réponses
Votre historique - résultats
Vous n’avez pas pris ce quiz